Pokémon TCG Pocket: All Cards - A Series - Statistics

General Stats
  • This quiz has been taken 181 times
    32 since last reset
  • The average score is 622 of 1329
Answer Stats
Set Type Card Type Rarity Answer % Correct
Genetic Apex Fire Stage 2 ◆◆◆ Charizard
85%
Genetic Apex Fire Stage 2 ◆◆◆◆/★★/★★★/♛ Charizard ex
85%
Shining Revelry Fire Stage 2 ◆◆◆◆/★★/🟎🟎 Charizard ex
85%
Genetic Apex Lightning Basic Pikachu
85%
Mythical Island Lightning Basic Pikachu
85%
Triumphant Light Lightning Basic Pikachu
85%
Celestial Guardians Lightning Basic Pikachu
85%
Promo-A Lightning Basic Promo Pikachu
85%
Promo-A Lightning Basic Promo Pikachu
85%
Promo-A Lightning Basic Promo Pikachu
85%
Genetic Apex Lightning Basic ◆◆◆◆/★★/★★★/♛ Pikachu ex
85%
Shining Revelry Lightning Basic ◆◆◆◆/★★ Pikachu ex
85%
Genetic Apex Grass Basic ◆/★ Bulbasaur
81%
Celestial Guardians Grass Basic 🟎 Bulbasaur
81%
Promo-A Grass Basic Promo Bulbasaur
81%
Genetic Apex Colorless Basic ◆/★ Eevee
81%
Genetic Apex Colorless Basic ◆/★ Eevee
81%
Genetic Apex Colorless Basic ◆/★ Eevee
81%
Mythical Island Colorless Basic Eevee
81%
Space-Time Smackdown Colorless Basic Eevee
81%
Triumphant Light Colorless Basic Eevee
81%
Eevee Grove Colorless Basic ◆◆◆/★ Eevee
81%
Wisdom of Sea and Sky Colorless Basic Eevee
81%
Wisdom of Sea and Sky Colorless Basic 🟎 Eevee
81%
Promo-A Colorless Basic Promo Eevee
81%
Promo-A Colorless Basic Promo Eevee
81%
Genetic Apex Water Basic ◆/★ Squirtle
81%
Celestial Guardians Water Basic 🟎 Squirtle
81%
Promo-A Water Basic Promo Squirtle
81%
Genetic Apex Fire Basic ◆/✰ Charmander
77%
Shining Revelry Fire Basic ◆/🟎 Charmander
77%
Promo-A Fire Basic Promo Charmander
77%
Genetic Apex Fire Stage 1 ◆◆ Charmeleon
77%
Shining Revelry Fire Stage 1 ◆◆/🟎 Charmeleon
77%
Eevee Grove Trainer Item ◆◆/♛ Eevee Bag
77%
Genetic Apex Grass Stage 1 ◆◆ Ivysaur
77%
Celestial Guardians Grass Stage 1 🟎 Ivysaur
77%
Genetic Apex Grass Stage 2 ◆◆◆ Venusaur
77%
Celestial Guardians Grass Stage 2 🟎 Venusaur
77%
Promo-A Grass Stage 2 Promo Venusaur
77%
Genetic Apex Grass Stage 2 ◆◆◆◆/★★ Venusaur ex
77%
Celestial Guardians Grass Stage 2 🟎🟎 Venusaur ex
77%
Celestial Guardians Lightning Stage 1 ◆◆◆◆/★★ Alolan Raichu ex
73%
Eevee Grove Colorless Basic ◆◆◆◆/★★/★★★ Eevee ex
73%
Genetic Apex Psychic Basic ★★★ Mew
73%
Mythical Island Psychic Basic ◆◆◆ Mew
73%
Mythical Island Psychic Basic ◆◆◆◆/★★/♛ Mew ex
73%
Secluded Springs Psychic Basic 🟎🟎 Mew ex
73%
Genetic Apex Psychic Basic ◆◆◆ Mewtwo
73%
Promo-A Psychic Basic Promo Mewtwo
73%
Genetic Apex Psychic Basic ◆◆◆◆/★★/★★★/♛ Mewtwo ex
73%
Promo-A Psychic Basic Promo Mewtwo ex
73%
Genetic Apex Lightning Stage 1 ◆◆◆ Raichu
73%
Mythical Island Lightning Stage 1 ◆◆◆ Raichu
73%
Triumphant Light Lightning Stage 1 ◆◆◆ Raichu
73%
Promo-A Lightning Stage 1 Promo Raichu
73%
Genetic Apex Water Stage 1 ◆◆ Wartortle
73%
Celestial Guardians Water Stage 1 🟎 Wartortle
73%
Genetic Apex Water Stage 2 ◆◆◆ Blastoise
69%
Celestial Guardians Water Stage 2 🟎 Blastoise
69%
Promo-A Water Stage 2 Promo Blastoise
69%
Genetic Apex Water Stage 2 ◆◆◆◆/★★ Blastoise ex
69%
Celestial Guardians Water Stage 2 🟎🟎 Blastoise ex
69%
Genetic Apex Psychic Stage 2 ◆◆◆ Gengar
69%
Triumphant Light Psychic Stage 2 ◆◆ Gengar
69%
Celestial Guardians Psychic Stage 2 🟎 Gengar
69%
Genetic Apex Psychic Stage 2 ◆◆◆◆/★★ Gengar ex
69%
Celestial Guardians Psychic Stage 2 🟎🟎 Gengar ex
69%
Genetic Apex Fighting Stage 2 ◆◆◆ Machamp
69%
Shining Revelry Fighting Stage 2 ◆◆◆ Machamp
69%
Celestial Guardians Fighting Stage 2 🟎 Machamp
69%
Promo-A Fighting Stage 2 Promo Machamp
69%
Genetic Apex Fighting Stage 2 ◆◆◆◆/★★ Machamp ex
69%
Celestial Guardians Fighting Stage 2 🟎🟎 Machamp ex
69%
Genetic Apex Lightning Basic ◆◆◆ Zapdos
69%
Genetic Apex Lightning Basic ◆◆◆◆/★★ Zapdos ex
69%
Eevee Grove Lightning Basic 🟎🟎 Zapdos ex
69%
Genetic Apex Psychic Basic Abra
65%
Shining Revelry Psychic Basic Abra
65%
Genetic Apex Psychic Stage 2 ◆◆◆/★ Alakazam
65%
Shining Revelry Psychic Stage 2 ◆◆◆ Alakazam
65%
Celestial Guardians Metal Basic Alolan Diglett
65%
Extradimensional Crisis Metal Basic Alolan Diglett
65%
Celestial Guardians Metal Stage 1 ◆◆ Alolan Dugtrio
65%
Extradimensional Crisis Metal Stage 1 ◆◆◆◆/★★ Alolan Dugtrio ex
65%
Celestial Guardians Lightning Basic Alolan Geodude
65%
Celestial Guardians Lightning Stage 2 ◆◆◆ Alolan Golem
65%
Celestial Guardians Lightning Stage 1 ◆◆ Alolan Graveler
65%
Celestial Guardians Darkness Basic Alolan Meowth
65%
Extradimensional Crisis Darkness Basic ◆/★ Alolan Meowth
65%
Celestial Guardians Darkness Stage 1 ◆◆◆ Alolan Persian
65%
Extradimensional Crisis Darkness Stage 1 ◆◆ Alolan Persian
65%
Genetic Apex Darkness Stage 1 ◆◆ Arbok
65%
Shining Revelry Darkness Stage 1 ◆◆ Arbok
65%
Eevee Grove Darkness Stage 1 🟎 Arbok
65%
Shining Revelry Grass Stage 2 ◆◆◆◆/★★/🟎🟎 Beedrill ex
65%
Genetic Apex Grass Stage 2 ◆◆◆ Butterfree
65%
Promo-A Grass Stage 2 Promo Butterfree
65%
Genetic Apex Grass Basic Caterpie
65%
Genetic Apex Water Stage 1 ◆◆ Dewgong
65%
Genetic Apex Fighting Basic ◆/★ Diglett
65%
Secluded Springs Fighting Basic Diglett
65%
Genetic Apex Fighting Stage 1 ◆◆ Dugtrio
65%
Secluded Springs Fighting Stage 1 ◆◆ Dugtrio
65%
Genetic Apex Darkness Basic Ekans
65%
Shining Revelry Darkness Basic Ekans
65%
Eevee Grove Darkness Basic 🟎 Ekans
65%
Promo-A Darkness Basic Promo Ekans
65%
Genetic Apex Colorless Stage 1 Fearow
65%
Wisdom of Sea and Sky Colorless Stage 1 Fearow
65%
Genetic Apex Fire Stage 1 ◆◆◆ Flareon
65%
Eevee Grove Fire Stage 1 ◆◆◆/★ Flareon
65%
Wisdom of Sea and Sky Fighting Stage 1 🟎 Flareon
65%
Eevee Grove Fire Stage 1 ◆◆◆◆/★★ Flareon ex
65%
Genetic Apex Psychic Basic Gastly
65%
Triumphant Light Psychic Basic Gastly
65%
Celestial Guardians Psychic Basic 🟎 Gastly
65%
Genetic Apex Grass Stage 1 ◆◆/★ Gloom
65%
Space-Time Smackdown Grass Stage 1 Gloom
65%
Wisdom of Sea and Sky Grass Stage 1 ◆◆ Gloom
65%
Genetic Apex Water Basic Goldeen
65%
Genetic Apex Fighting Stage 2 ◆◆◆ Golem
65%
Mythical Island Fighting Stage 2 ◆◆◆ Golem
65%
Genetic Apex Fighting Stage 1 ◆◆ Graveler
65%
Mythical Island Fighting Stage 1 ◆◆ Graveler
65%
Genetic Apex Water Stage 1 ◆◆◆/★ Gyarados
65%
Wisdom of Sea and Sky Water Stage 1 ◆◆◆ Gyarados
65%
Wisdom of Sea and Sky Water Stage 1 🟎 Gyarados
65%
Mythical Island Water Stage 1 ◆◆◆◆/★★ Gyarados ex
65%
Wisdom of Sea and Sky Water Stage 1 🟎🟎 Gyarados ex
65%
Eevee Grove Trainer Supporter ◆◆/★★ Hau
65%
Genetic Apex Colorless Basic Jigglypuff
65%
Shining Revelry Colorless Basic Jigglypuff
65%
Celestial Guardians Colorless Basic 🟎 Jigglypuff
65%
Promo-A Colorless Basic Promo Jigglypuff
65%
Genetic Apex Lightning Stage 1 ◆◆◆ Jolteon
65%
Eevee Grove Lightning Stage 1 ◆◆◆/★ Jolteon
65%
Wisdom of Sea and Sky Lightning Stage 1 🟎 Jolteon
65%
Promo-A Lightning Stage 1 Promo Jolteon
65%
Genetic Apex Psychic Stage 1 ◆◆ Kadabra
65%
Shining Revelry Psychic Stage 1 ◆◆ Kadabra
65%
Genetic Apex Grass Stage 1 Kakuna
65%
Shining Revelry Grass Stage 1 ◆◆/🟎 Kakuna
65%
Genetic Apex Water Basic ◆◆◆/★ Lapras
65%
Celestial Guardians Water Basic ◆◆ Lapras
65%
Eevee Grove Water Basic 🟎 Lapras
65%
Mythical Island Trainer Supporter ◆◆/★★ Leaf
65%
Space-Time Smackdown Trainer Pokémon Tool ◆◆ Lum Berry
65%
Genetic Apex Fighting Stage 1 ◆◆ Machoke
65%
Shining Revelry Fighting Stage 1 Machoke
65%
Celestial Guardians Fighting Stage 1 🟎 Machoke
65%
Genetic Apex Fighting Basic Machop
65%
Shining Revelry Fighting Basic Machop
65%
Celestial Guardians Fighting Basic 🟎 Machop
65%
Genetic Apex Water Basic Magikarp
65%
Mythical Island Water Basic Magikarp
65%
Wisdom of Sea and Sky Water Basic Magikarp
65%
Wisdom of Sea and Sky Water Basic 🟎 Magikarp
65%
Genetic Apex Fire Basic Magmar
65%
Mythical Island Fire Basic ◆◆ Magmar
65%
Space-Time Smackdown Fire Basic Magmar
65%
Shining Revelry Fire Basic Magmar
65%
Genetic Apex Colorless Basic ◆/★ Meowth
65%
Promo-A Colorless Basic Promo Meowth
65%
Genetic Apex Grass Stage 1 Metapod
65%
Genetic Apex Fire Basic ◆◆◆ Moltres
65%
Genetic Apex Fire Basic ◆◆◆◆/★★ Moltres ex
65%
Eevee Grove Fire Basic 🟎🟎 Moltres ex
65%
Promo-A Fire Basic Promo Moltres ex
65%
Genetic Apex Grass Basic Oddish
65%
Space-Time Smackdown Grass Basic Oddish
65%
Wisdom of Sea and Sky Grass Basic Oddish
65%
Genetic Apex Colorless Stage 1 ◆◆ Persian
65%
Wisdom of Sea and Sky Lightning Basic ◆◆◆/★ Pichu
65%
Genetic Apex Colorless Stage 2 ◆◆◆/★ Pidgeot
65%
Extradimensional Crisis Colorless Stage 2 🟎 Pidgeot
65%
Mythical Island Colorless Stage 2 ◆◆◆◆/★★ Pidgeot ex
65%
Extradimensional Crisis Colorless Stage 2 🟎🟎 Pidgeot ex
65%
Genetic Apex Colorless Stage 1 Pidgeotto
65%
Mythical Island Colorless Stage 1 Pidgeotto
65%
Extradimensional Crisis Colorless Stage 1 🟎 Pidgeotto
65%
Genetic Apex Colorless Basic Pidgey
65%
Mythical Island Colorless Basic Pidgey
65%
Extradimensional Crisis Colorless Basic 🟎 Pidgey
65%
Genetic Apex Water Basic Poliwag
65%
Wisdom of Sea and Sky Water Basic Poliwag
65%
Secluded Springs Water Basic Poliwag
65%
Promo-A Water Basic Promo Poliwag
65%
Genetic Apex Water Stage 1 ◆◆ Poliwhirl
65%
Wisdom of Sea and Sky Water Stage 1 ◆◆ Poliwhirl
65%
Secluded Springs Water Stage 1 ◆◆ Poliwhirl
65%
Genetic Apex Water Stage 2 ◆◆◆ Poliwrath
65%
Secluded Springs Fighting Stage 2 ◆◆◆◆/★★ Poliwrath ex
65%
Genetic Apex Water Stage 1 ◆◆ Seaking
65%
Genetic Apex Water Basic Seel
65%
Genetic Apex Colorless Basic Spearow
65%
Wisdom of Sea and Sky Colorless Basic Spearow
65%
Genetic Apex Water Stage 1 Starmie
65%
Celestial Guardians Water Stage 1 🟎 Starmie
65%
Genetic Apex Water Stage 1 ◆◆◆◆/★★ Starmie ex
65%
Celestial Guardians Water Stage 1 🟎🟎 Starmie ex
65%
Genetic Apex Water Basic Staryu
65%
Celestial Guardians Water Basic 🟎 Staryu
65%
Genetic Apex Water Stage 1 ◆◆◆ Vaporeon
65%
Mythical Island Water Stage 1 ◆◆◆/★ Vaporeon
65%
Eevee Grove Water Stage 1 ◆◆◆/★ Vaporeon
65%
Wisdom of Sea and Sky Water Stage 1 🟎 Vaporeon
65%
Genetic Apex Grass Stage 2 ◆◆◆ Vileplume
65%
Genetic Apex Grass Basic Weedle
65%
Shining Revelry Grass Basic ◆/🟎 Weedle
65%
Genetic Apex Colorless Stage 1 Wigglytuff
65%
Shining Revelry Colorless Stage 1 ◆◆◆/★ Wigglytuff
65%
Celestial Guardians Colorless Stage 1 🟎 Wigglytuff
65%
Genetic Apex Colorless Stage 1 ◆◆◆◆/★★ Wigglytuff ex
65%
Celestial Guardians Colorless Stage 1 🟎🟎 Wigglytuff ex
65%
Genetic Apex Colorless Stage 1 ◆◆◆ Aerodactyl
62%
Extradimensional Crisis Colorless Stage 1 🟎 Aerodactyl
62%
Mythical Island Fighting Stage 1 ◆◆◆◆/★★ Aerodactyl ex
62%
Extradimensional Crisis Fighting Stage 1 🟎🟎 Aerodactyl ex
62%
Celestial Guardians Water Basic Alolan Sandshrew
62%
Celestial Guardians Water Stage 1 ◆◆ Alolan Sandslash
62%
Genetic Apex Fire Stage 1 ◆◆◆ Arcanine
62%
Celestial Guardians Fire Stage 1 ◆◆ Arcanine
62%
Extradimensional Crisis Fire Stage 1 🟎 Arcanine
62%
Genetic Apex Fire Stage 1 ◆◆◆◆/★★ Arcanine ex
62%
Extradimensional Crisis Fire Stage 1 🟎🟎 Arcanine ex
62%
Genetic Apex Water Basic ◆◆◆ Articuno
62%
Genetic Apex Water Basic ◆◆◆◆/★★ Articuno ex
62%
Eevee Grove Water Basic 🟎🟎 Articuno ex
62%
Genetic Apex Grass Basic Bellsprout
62%
Genetic Apex Psychic Stage 1 ◆◆ Clefable
62%
Triumphant Light Psychic Stage 1 ◆◆ Clefable
62%
Extradimensional Crisis Psychic Stage 1 ◆◆ Clefable
62%
Wisdom of Sea and Sky Psychic Basic ◆◆◆ Cleffa
62%
Promo-A Psychic Basic Promo Cleffa
62%
Genetic Apex Water Stage 1 ◆◆ Cloyster
62%
Celestial Guardians Water Stage 1 ◆◆ Cloyster
62%
Genetic Apex Dragon Stage 1 ◆◆ Dragonair
62%
Eevee Grove Dragon Stage 1 Dragonair
62%
Promo-A Dragon Stage 1 Promo Dragonair
62%
Genetic Apex Dragon Stage 2 ◆◆◆/★ Dragonite
62%
Eevee Grove Dragon Stage 2 ◆◆◆◆/★★ Dragonite ex
62%
Genetic Apex Dragon Basic Dratini
62%
Eevee Grove Dragon Basic Dratini
62%
Genetic Apex Lightning Basic Electabuzz
62%
Mythical Island Lightning Basic ◆◆ Electabuzz
62%
Space-Time Smackdown Lightning Basic Electabuzz
62%
Eevee Grove Psychic Stage 1 ◆◆◆/★ Espeon
62%
Wisdom of Sea and Sky Psychic Stage 1 ◆◆◆◆/★★ Espeon ex
62%
Celestial Guardians Trainer Item ◆◆ Fishing Net
62%
Genetic Apex Fighting Basic Geodude
62%
Mythical Island Fighting Basic Geodude
62%
Genetic Apex Fire Basic Growlithe
62%
Celestial Guardians Fire Basic Growlithe
62%
Extradimensional Crisis Fire Basic 🟎 Growlithe
62%
Genetic Apex Psychic Stage 1 ◆◆ Haunter
62%
Triumphant Light Psychic Stage 1 Haunter
62%
Celestial Guardians Psychic Stage 1 🟎 Haunter
62%
Promo-A Psychic Stage 1 Promo Haunter
62%
Genetic Apex Water Basic Horsea
62%
Wisdom of Sea and Sky Water Basic Horsea
62%
Promo-A Water Basic Promo Horsea
62%
Promo-A Water Basic Promo Lapras ex
62%
Celestial Guardians Trainer Pokémon Tool ◆◆/★★ Leaf Cape
62%
Genetic Apex Lightning Basic Magnemite
62%
Space-Time Smackdown Lightning Basic Magnemite
62%
Triumphant Light Metal Basic ◆/★ Magnemite
62%
Wisdom of Sea and Sky Lightning Basic 🟎 Magnemite
62%
Promo-A Lightning Basic Promo Magnemite
62%
Genetic Apex Fighting Basic ◆◆ Onix
62%
Wisdom of Sea and Sky Fighting Basic Onix
62%
Promo-A Fighting Basic Promo Onix
62%
Genetic Apex Grass Basic ◆◆/★ Pinsir
62%
Shining Revelry Grass Basic Pinsir
62%
Eevee Grove Grass Basic 🟎 Pinsir
62%
Wisdom of Sea and Sky Grass Basic Pinsir
62%
Genetic Apex Fighting Basic Sandshrew
62%
Genetic Apex Fighting Stage 1 ◆◆ Sandslash
62%
Genetic Apex Grass Basic Scyther
62%
Wisdom of Sea and Sky Grass Basic Scyther
62%
Genetic Apex Water Stage 1 ◆◆ Seadra
62%
Wisdom of Sea and Sky Water Stage 1 ◆◆ Seadra
62%
Genetic Apex Water Basic Shellder
62%
Celestial Guardians Water Basic Shellder
62%
Wisdom of Sea and Sky Metal Stage 1 ◆◆◆ Steelix
62%
Genetic Apex Water Basic Tentacool
62%
Shining Revelry Water Basic Tentacool
62%
Secluded Springs Water Basic Tentacool
62%
Genetic Apex Water Stage 1 ◆◆ Tentacruel
62%
Shining Revelry Water Stage 1 ◆◆ Tentacruel
62%
Secluded Springs Water Stage 1 ◆◆ Tentacruel
62%
Eevee Grove Darkness Stage 1 ◆◆◆/★ Umbreon
62%
Wisdom of Sea and Sky Darkness Stage 1 ◆◆◆◆/★★ Umbreon ex
62%
Genetic Apex Grass Stage 1 ◆◆ Weepinbell
62%
Celestial Guardians Grass Stage 1 ◆◆◆/★ Alolan Exeggutor
58%
Promo-A Grass Stage 1 Promo Alolan Exeggutor
58%
Celestial Guardians Darkness Basic Alolan Grimer
58%
Promo-A Darkness Basic Promo Alolan Grimer
58%
Celestial Guardians Darkness Stage 1 ◆◆◆◆/★★ Alolan Muk ex
58%
Celestial Guardians Water Stage 1 ◆◆◆ Alolan Ninetales
58%
Celestial Guardians Darkness Stage 1 ◆◆ Alolan Raticate
58%
Celestial Guardians Water Basic ◆/★ Alolan Vulpix
58%
Space-Time Smackdown Grass Stage 2 Bellossom
58%
Wisdom of Sea and Sky Grass Stage 2 ◆◆◆/★ Bellossom
58%
Genetic Apex Psychic Basic Clefairy
58%
Triumphant Light Psychic Basic Clefairy
58%
Extradimensional Crisis Psychic Basic Clefairy
58%
Promo-A Psychic Basic Promo Clefairy
58%
Genetic Apex Colorless Stage 1 ◆◆ Dodrio
58%
Genetic Apex Colorless Basic Doduo
58%
Promo-A Metal Basic Promo Dusk Mane Necrozma
58%
Genetic Apex Lightning Stage 1 ◆◆/★ Electrode
58%
Space-Time Smackdown Lightning Stage 1 ◆◆ Electrode
58%
Shining Revelry Lightning Stage 1 ◆◆ Electrode
58%
Eevee Grove Lightning Stage 1 🟎 Electrode
58%
Genetic Apex Grass Basic Exeggcute
58%
Mythical Island Grass Basic Exeggcute
58%
Celestial Guardians Grass Basic Exeggcute
58%
Celestial Guardians Grass Basic 🟎 Exeggcute
58%
Promo-A Grass Basic Promo Exeggcute
58%
Genetic Apex Grass Stage 1 ◆◆◆ Exeggutor
58%
Mythical Island Grass Stage 1 ◆◆/★ Exeggutor
58%
Celestial Guardians Grass Stage 1 🟎 Exeggutor
58%
Genetic Apex Grass Stage 1 ◆◆◆◆/★★ Exeggutor ex
58%
Celestial Guardians Grass Stage 1 🟎🟎 Exeggutor ex
58%
Space-Time Smackdown Water Stage 1 ◆◆◆ Glaceon
58%
Eevee Grove Water Stage 1 ◆◆◆/★ Glaceon
58%
Triumphant Light Water Stage 1 ◆◆◆◆/★★ Glaceon ex
58%
Wisdom of Sea and Sky Water Stage 1 🟎🟎 Glaceon ex
58%
Genetic Apex Darkness Stage 1 ◆◆/★ Golbat
58%
Triumphant Light Darkness Stage 1 Golbat
58%
Wisdom of Sea and Sky Darkness Stage 1 ◆◆ Golbat
58%
Genetic Apex Water Stage 1 ◆◆ Golduck
58%
Secluded Springs Water Stage 1 🟎 Golduck
58%
Genetic Apex Darkness Basic Grimer
58%
Genetic Apex Fighting Basic Hitmonchan
58%
Shining Revelry Fighting Basic Hitmonchan
58%
Genetic Apex Fighting Basic Hitmonlee
58%
Shining Revelry Fighting Basic Hitmonlee
58%
Genetic Apex Psychic Basic Jynx
58%
Extradimensional Crisis Psychic Basic 🟎 Jynx
58%
Wisdom of Sea and Sky Psychic Basic Jynx
58%
Secluded Springs Water Basic Jynx
58%
Genetic Apex Fighting Stage 1 ◆◆ Kabuto
58%
Genetic Apex Fighting Stage 2 ◆◆◆ Kabutops
58%
Genetic Apex Water Stage 1 ◆◆ Kingler
58%
Secluded Springs Water Stage 1 🟎 Kingler
58%
Genetic Apex Water Basic Krabby
58%
Secluded Springs Water Basic 🟎 Krabby
58%
Genetic Apex Lightning Stage 1 ◆◆◆ Magneton
58%
Space-Time Smackdown Lightning Stage 1 ◆◆ Magneton
58%
Triumphant Light Metal Stage 1 Magneton
58%
Wisdom of Sea and Sky Lightning Stage 1 🟎 Magneton
58%
Genetic Apex Fighting Basic Mankey
58%
Mythical Island Fighting Basic Mankey
58%
Wisdom of Sea and Sky Fighting Basic 🟎 Mankey
58%
Promo-A Fighting Basic Promo Mankey
58%
Space-Time Smackdown Trainer Supporter ◆◆/★★ Mars
58%
Genetic Apex Darkness Stage 1 ◆◆◆ Muk
58%
Genetic Apex Darkness Stage 2 ◆◆◆/★ Nidoking
58%
Wisdom of Sea and Sky Darkness Stage 2 🟎 Nidoking
58%
Genetic Apex Darkness Stage 2 ◆◆◆/★ Nidoqueen
58%
Wisdom of Sea and Sky Darkness Stage 2 🟎 Nidoqueen
58%
Genetic Apex Darkness Basic Nidoran♀
58%
Genetic Apex Darkness Basic Nidoran♂
58%
Genetic Apex Darkness Stage 1 ◆◆ Nidorina
58%
Wisdom of Sea and Sky Darkness Stage 1 🟎 Nidorina
58%
Genetic Apex Darkness Stage 1 ◆◆ Nidorino
58%
Wisdom of Sea and Sky Darkness Stage 1 🟎 Nidorino
58%
Genetic Apex Fire Stage 1 ◆◆ Ninetales
58%
Wisdom of Sea and Sky Fire Stage 1 ◆◆◆ Ninetales
58%
Genetic Apex Water Stage 1 ◆◆ Omanyte
58%
Genetic Apex Water Stage 2 ◆◆◆ Omastar
58%
Shining Revelry Fire Basic ◆◆ Paldean Tauros
58%
Genetic Apex Grass Basic Paras
58%
Genetic Apex Grass Stage 1 ◆◆ Parasect
58%
Genetic Apex Fighting Stage 1 ◆◆ Primeape
58%
Mythical Island Fighting Stage 1 Primeape
58%
Wisdom of Sea and Sky Fighting Stage 1 🟎 Primeape
58%
Genetic Apex Water Basic Psyduck
58%
Secluded Springs Water Basic 🟎 Psyduck
58%
Genetic Apex Colorless Stage 1 Raticate
58%
Shining Revelry Colorless Stage 1 Raticate
58%
Genetic Apex Colorless Basic Rattata
58%
Shining Revelry Colorless Basic Rattata
58%
Celestial Guardians Metal Stage 2 ◆◆◆◆/★★/♛ Solgaleo ex
58%
Eevee Grove Psychic Stage 1 ◆◆◆/★ Sylveon
58%
Eevee Grove Psychic Stage 1 ◆◆◆◆/★★ Sylveon ex
58%
Genetic Apex Grass Basic Tangela
58%
Space-Time Smackdown Grass Basic Tangela
58%
Wisdom of Sea and Sky Grass Basic Tangela
58%
Genetic Apex Colorless Basic ◆◆ Tauros
58%
Mythical Island Colorless Basic ◆◆◆ Tauros
58%
Celestial Guardians Colorless Basic ◆◆ Tauros
58%
Genetic Apex Grass Stage 1 ◆◆ Venomoth
58%
Genetic Apex Grass Basic Venonat
58%
Genetic Apex Grass Stage 2 ◆◆◆ Victreebel
58%
Genetic Apex Lightning Basic Voltorb
58%
Space-Time Smackdown Lightning Basic Voltorb
58%
Shining Revelry Lightning Basic Voltorb
58%
Eevee Grove Lightning Basic 🟎 Voltorb
58%
Genetic Apex Fire Basic Vulpix
58%
Wisdom of Sea and Sky Fire Basic Vulpix
58%
Genetic Apex Darkness Basic Zubat
58%
Triumphant Light Darkness Basic Zubat
58%
Wisdom of Sea and Sky Darkness Basic Zubat
58%
Celestial Guardians Darkness Basic Alolan Rattata
54%
Genetic Apex Grass Stage 2 ◆◆◆ Beedrill
54%
Secluded Springs Grass Basic ◆◆◆ Celebi
54%
Mythical Island Grass Basic ◆◆◆◆/★★/★★★ Celebi ex
54%
Extradimensional Crisis Grass Basic 🟎🟎 Celebi ex
54%
Space-Time Smackdown Fire Basic Chimchar
54%
Secluded Springs Fire Basic 🟎 Chimchar
54%
Promo-A Fire Basic Promo Chimchar
54%
Triumphant Light Darkness Stage 2 ◆◆◆ Crobat
54%
Wisdom of Sea and Sky Darkness Stage 2 ◆◆◆◆/★★ Crobat ex
54%
Promo-A Psychic Basic Promo Dawn Wings Necrozma
54%
Genetic Apex Colorless Basic ◆◆◆/★ Ditto
54%
Genetic Apex Psychic Basic Drowzee
54%
Space-Time Smackdown Water Stage 2 ◆◆◆ Empoleon
54%
Wisdom of Sea and Sky Fire Basic ◆◆◆ Entei
54%
Secluded Springs Fire Basic ◆◆◆◆/★★ Entei ex
54%
Genetic Apex Colorless Basic Farfetch'd
54%
Eevee Grove Colorless Basic 🟎 Farfetch'd
54%
Secluded Springs Colorless Basic Farfetch'd
54%
Promo-A Colorless Basic Promo Farfetch'd
54%
Space-Time Smackdown Grass Stage 1 ◆◆ Grotle
54%
Triumphant Light Grass Basic ◆◆ Heracross
54%
Wisdom of Sea and Sky Grass Basic ◆◆◆/★ Heracross
54%
Space-Time Smackdown Fighting Basic Hitmontop
54%
Wisdom of Sea and Sky Fighting Basic Hitmontop
54%
Triumphant Light Colorless Basic Hoothoot
54%
Wisdom of Sea and Sky Colorless Basic ◆/★ Hoothoot
54%
Genetic Apex Psychic Stage 1 ◆◆◆ Hypno
54%
Secluded Springs Colorless Basic ◆◆◆ Igglybuff
54%
Space-Time Smackdown Fire Stage 2 ◆◆◆◆/★★ Infernape ex
54%
Secluded Springs Fire Stage 2 🟎🟎 Infernape ex
54%
Wisdom of Sea and Sky Water Stage 2 ◆◆◆◆/★★ Kingdra ex
54%
Genetic Apex Darkness Basic Koffing
54%
Mythical Island Darkness Basic Koffing
54%
Space-Time Smackdown Grass Stage 1 ◆◆◆ Leafeon
54%
Eevee Grove Grass Stage 1 ◆◆◆/★ Leafeon
54%
Triumphant Light Grass Stage 1 ◆◆◆◆/★★ Leafeon ex
54%
Wisdom of Sea and Sky Grass Stage 1 🟎🟎 Leafeon ex
54%
Celestial Guardians Psychic Stage 2 ◆◆◆◆/★★/♛ Lunala ex
54%
Space-Time Smackdown Fire Stage 1 ◆◆◆ Magmortar
54%
Shining Revelry Fire Stage 1 ◆◆◆ Magmortar
54%
Space-Time Smackdown Fire Stage 1 ◆◆ Monferno
54%
Secluded Springs Fire Stage 1 🟎 Monferno
54%
Triumphant Light Colorless Stage 1 ◆◆ Noctowl
54%
Wisdom of Sea and Sky Colorless Stage 1 Noctowl
54%
Celestial Guardians Trainer Pokémon Tool ◆◆ Poison Barb
54%
Shining Revelry Trainer Item Poké Ball
54%
Promo-A Trainer Item Promo Poké Ball
54%
Wisdom of Sea and Sky Water Stage 2 ◆◆◆ Politoed
54%
Genetic Apex Fire Basic Ponyta
54%
Mythical Island Fire Basic Ponyta
54%
Genetic Apex Colorless Basic ◆◆/★ Porygon
54%
Space-Time Smackdown Colorless Basic Porygon
54%
Wisdom of Sea and Sky Colorless Basic Porygon
54%
Space-Time Smackdown Water Stage 1 ◆◆ Prinplup
54%
Promo-A Trainer Supporter Promo Professor's Reseach (Professor Oak)
54%
Genetic Apex Fire Stage 1 ◆◆/★ Rapidash
54%
Mythical Island Fire Stage 1 ◆◆ Rapidash
54%
Wisdom of Sea and Sky Metal Stage 1 ◆◆◆/★ Scizor
54%
Genetic Apex Colorless Basic ◆◆◆/★ Snorlax
54%
Triumphant Light Colorless Basic ◆◆ Snorlax
54%
Promo-A Colorless Basic Promo Snorlax
54%
Eevee Grove Colorless Basic ◆◆◆◆/★★ Snorlax ex
54%
Space-Time Smackdown Grass Stage 2 ◆◆◆ Torterra
54%
Space-Time Smackdown Grass Basic Turtwig
54%
Promo-A Grass Basic Promo Turtwig
54%
Genetic Apex Darkness Stage 1 ◆◆◆/★ Weezing
54%
Mythical Island Darkness Stage 1 ◆◆ Weezing
54%
Celestial Guardians Fire Stage 1 ◆◆/★ Alolan Marowak
50%
Triumphant Light Colorless Basic ◆◆◆ Arceus
50%
Triumphant Light Colorless Basic ◆◆◆◆/★★/★★★/♛ Arceus ex
50%
Wisdom of Sea and Sky Grass Stage 1 ◆◆ Bayleef
50%
Genetic Apex Colorless Basic ◆◆ Chansey
50%
Wisdom of Sea and Sky Colorless Basic Chansey
50%
Promo-A Colorless Basic Promo Chansey
50%
Wisdom of Sea and Sky Grass Basic ◆/★ Chikorita
50%
Space-Time Smackdown Grass Basic ◆/★ Combee
50%
Triumphant Light Grass Basic Combee
50%
Celestial Guardians Psychic Stage 1 ◆◆ Cosmoem
50%
Celestial Guardians Psychic Basic ◆/★ Cosmog
50%
Promo-A Psychic Basic Promo Cosmog
50%
Space-Time Smackdown Darkness Basic ◆/★ Croagunk
50%
Triumphant Light Darkness Basic Croagunk
50%
Genetic Apex Fighting Basic ◆/★ Cubone
50%
Celestial Guardians Fighting Basic Cubone
50%
Celestial Guardians Fighting Basic 🟎 Cubone
50%
Space-Time Smackdown Metal Basic ◆◆◆◆/★★/★★★/♛ Dialga ex
50%
Space-Time Smackdown Lightning Stage 1 ◆◆◆ Electivire
50%
Promo-A Lightning Stage 1 Promo Electivire
50%
Wisdom of Sea and Sky Lightning Basic ◆◆◆ Elekid
50%
Wisdom of Sea and Sky Water Stage 2 ◆◆◆ Feraligatr
50%
Space-Time Smackdown Psychic Basic ◆◆◆/★ Giratina
50%
Triumphant Light Dragon Basic ◆◆◆ Giratina
50%
Shining Revelry Psychic Basic ◆◆◆◆/★★/★★★ Giratina ex
50%
Triumphant Light Fire Stage 1 ◆◆/★ Houndoom
50%
Wisdom of Sea and Sky Darkness Stage 1 ◆◆ Houndoom
50%
Promo-A Darkness Stage 1 Promo Houndoom
50%
Genetic Apex Colorless Basic ◆◆◆ Kangaskhan
50%
Wisdom of Sea and Sky Colorless Basic ◆◆◆ Kangaskhan
50%
Promo-A Colorless Basic Promo Kangaskhan
50%
Triumphant Light Fighting Basic Larvitar
50%
Wisdom of Sea and Sky Fighting Basic Larvitar
50%
Genetic Apex Colorless Basic ◆◆ Lickitung
50%
Space-Time Smackdown Colorless Basic Lickitung
50%
Shining Revelry Colorless Basic Lickitung
50%
Wisdom of Sea and Sky Colorless Basic 🟎 Lickitung
50%
Secluded Springs Colorless Basic Lickitung
50%
Wisdom of Sea and Sky Colorless Basic ◆◆◆◆/★★/★★★/♛ Lugia ex
50%
Space-Time Smackdown Lightning Stage 1 ◆◆ Luxio
50%
Extradimensional Crisis Lightning Stage 1 Luxio
50%
Space-Time Smackdown Lightning Stage 2 ◆◆◆ Luxray
50%
Extradimensional Crisis Lightning Stage 2 ◆◆◆ Luxray
50%
Wisdom of Sea and Sky Fire Basic ◆◆◆/★ Magby
50%
Space-Time Smackdown Fire Stage 1 ◆◆ Magcargo
50%
Wisdom of Sea and Sky Fire Stage 1 ◆◆ Magcargo
50%
Secluded Springs Fire Stage 1 ◆◆ Magcargo
50%
Space-Time Smackdown Lightning Stage 2 ◆◆◆ Magnezone
50%
Triumphant Light Metal Stage 2 ◆◆◆ Magnezone
50%
Genetic Apex Fighting Stage 1 ◆◆ Marowak
50%
Celestial Guardians Fighting Stage 1 🟎 Marowak
50%
Genetic Apex Fighting Stage 1 ◆◆◆◆/★★ Marowak ex
50%
Celestial Guardians Fighting Stage 1 🟎🟎 Marowak ex
50%
Wisdom of Sea and Sky Grass Stage 2 ◆◆◆ Meganium
50%
Genetic Apex Psychic Basic ◆◆ Mr. Mime
50%
Shining Revelry Psychic Basic Mr. Mime
50%
Celestial Guardians Psychic Basic ◆◆ Mr. Mime
50%
Space-Time Smackdown Darkness Basic Murkrow
50%
Wisdom of Sea and Sky Darkness Basic ◆/★ Murkrow
50%
Triumphant Light Metal Basic ◆◆◆ Origin Forme Dialga
50%
Triumphant Light Water Basic ◆◆◆ Origin Forme Palkia
50%
Space-Time Smackdown Water Basic ◆◆◆◆/★★/★★★/♛ Palkia ex
50%
Space-Time Smackdown Water Basic Piplup
50%
Promo-A Water Basic Promo Piplup
50%
Space-Time Smackdown Colorless Stage 1 ◆◆ Porygon2
50%
Wisdom of Sea and Sky Colorless Stage 1 ◆◆ Porygon2
50%
Triumphant Light Fighting Stage 1 ◆◆ Pupitar
50%
Wisdom of Sea and Sky Fighting Stage 1 ◆◆ Pupitar
50%
Wisdom of Sea and Sky Lightning Basic ◆◆◆ Raikou
50%
Secluded Springs Lightning Basic ◆◆◆◆/★★ Raikou ex
50%
Genetic Apex Fighting Stage 1 ◆◆ Rhydon
50%
Space-Time Smackdown Fighting Stage 1 ◆◆ Rhydon
50%
Genetic Apex Fighting Basic Rhyhorn
50%
Space-Time Smackdown Fighting Basic Rhyhorn
50%
Celestial Guardians Psychic Basic ◆◆ Sableye
50%
Eevee Grove Darkness Basic Sableye
50%
Mythical Island Grass Stage 2 ◆◆◆/★ Serperior
50%
Mythical Island Grass Stage 1 ◆◆ Servine
50%
Space-Time Smackdown Lightning Basic ◆/★ Shinx
50%
Extradimensional Crisis Lightning Basic Shinx
50%
Genetic Apex Psychic Stage 1 ◆◆ Slowbro
50%
Genetic Apex Psychic Basic ◆/★ Slowpoke
50%
Wisdom of Sea and Sky Psychic Basic Slowpoke
50%
Secluded Springs Water Basic Slowpoke
50%
Space-Time Smackdown Fire Basic Slugma
50%
Wisdom of Sea and Sky Fire Basic Slugma
50%
Secluded Springs Fire Basic Slugma
50%
Space-Time Smackdown Colorless Stage 2 ◆◆/★ Staraptor
50%
Triumphant Light Colorless Stage 2 ◆◆ Staraptor
50%
Promo-A Colorless Stage 2 Promo Staraptor
50%
Space-Time Smackdown Colorless Stage 1 Staravia
50%
Triumphant Light Colorless Stage 1 Staravia
50%
Space-Time Smackdown Colorless Basic Starly
50%
Triumphant Light Colorless Basic Starly
50%
Wisdom of Sea and Sky Water Basic ◆◆◆ Suicune
50%
Secluded Springs Water Basic ◆◆◆◆/★★/★★★ Suicune ex
50%
Wisdom of Sea and Sky Grass Stage 1 ◆◆ Sunflora
50%
Secluded Springs Grass Stage 1 ◆◆ Sunflora
50%
Wisdom of Sea and Sky Grass Basic Sunkern
50%
Secluded Springs Grass Basic Sunkern
50%
Space-Time Smackdown Grass Stage 1 ◆◆/★ Tangrowth
50%
Wisdom of Sea and Sky Grass Stage 1 ◆◆◆ Tangrowth
50%
Space-Time Smackdown Psychic Basic Togepi
50%
Wisdom of Sea and Sky Psychic Basic ◆/★ Togepi
50%
Promo-A Psychic Basic Promo Togepi
50%
Space-Time Smackdown Psychic Stage 1 ◆◆ Togetic
50%
Wisdom of Sea and Sky Psychic Stage 1 ◆◆ Togetic
50%
Space-Time Smackdown Darkness Stage 1 ◆◆ Toxicroak
50%
Triumphant Light Darkness Stage 1 ◆◆ Toxicroak
50%
Triumphant Light Fighting Stage 2 ◆◆◆ Tyranitar
50%
Wisdom of Sea and Sky Darkness Stage 2 ◆◆◆/★ Tyranitar
50%
Wisdom of Sea and Sky Fighting Basic ◆◆◆ Tyrogue
50%
Triumphant Light Psychic Basic ◆◆/★ Unown
50%
Wisdom of Sea and Sky Psychic Basic ◆◆◆ Unown
50%
Wisdom of Sea and Sky Psychic Basic ◆◆◆ Unown
50%
Wisdom of Sea and Sky Lightning Stage 2 ◆◆◆/★ Ampharos
46%
Triumphant Light Water Stage 1 Azumarill
46%
Wisdom of Sea and Sky Water Stage 1 ◆◆ Azumarill
46%
Celestial Guardians Grass Basic Bounsweet
46%
Eevee Grove Grass Basic Bounsweet
46%
Space-Time Smackdown Grass Basic ◆◆/★ Carnivine
46%
Triumphant Light Grass Basic ◆◆◆ Carnivine
46%
Wisdom of Sea and Sky Water Stage 1 ◆◆ Croconaw
46%
Wisdom of Sea and Sky Fire Basic ◆/★ Cyndaquil
46%
Triumphant Light Fighting Stage 1 ◆◆ Donphan
46%
Secluded Springs Fighting Stage 1 ◆◆ Donphan
46%
Wisdom of Sea and Sky Fighting Stage 1 ◆◆◆◆/★★ Donphan ex
46%
Celestial Guardians Dragon Basic ◆◆◆/★ Drampa
46%
Eevee Grove Dragon Basic ◆◆ Drampa
46%
Genetic Apex Lightning Stage 2 ◆◆◆ Eelektross
46%
Secluded Springs Lightning Stage 2 ◆◆ Eelektross
46%
Space-Time Smackdown Colorless Basic Fan Rotom
46%
Space-Time Smackdown Water Basic Frost Rotom
46%
Wisdom of Sea and Sky Colorless Stage 1 Furret
46%
Space-Time Smackdown Dragon Stage 1 ◆◆ Gabite
46%
Triumphant Light Fighting Stage 1 Gabite
46%
Secluded Springs Fighting Stage 1 🟎 Gabite
46%
Space-Time Smackdown Dragon Stage 2 ◆◆◆/★ Garchomp
46%
Triumphant Light Fighting Stage 2 ◆◆◆◆/★★ Garchomp ex
46%
Secluded Springs Fighting Stage 2 🟎🟎 Garchomp ex
46%
Space-Time Smackdown Dragon Basic Gible
46%
Triumphant Light Fighting Basic Gible
46%
Secluded Springs Fighting Basic 🟎 Gible
46%
Promo-A Fighting Basic Promo Gible
46%
Space-Time Smackdown Fire Basic Heat Rotom
46%
Space-Time Smackdown Darkness Stage 1 ◆◆ Honchkrow
46%
Wisdom of Sea and Sky Darkness Stage 1 ◆◆ Honchkrow
46%
Wisdom of Sea and Sky Fire Basic ◆◆◆◆/★★/★★★/♛ Ho-Oh ex
46%
Wisdom of Sea and Sky Grass Basic Hoppip
46%
Secluded Springs Grass Basic Hoppip
46%
Triumphant Light Fire Basic Houndour
46%
Wisdom of Sea and Sky Darkness Basic Houndour
46%
Wisdom of Sea and Sky Grass Stage 1 Ledian
46%
Wisdom of Sea and Sky Grass Basic Ledyba
46%
Wisdom of Sea and Sky Lightning Basic Mareep
46%
Triumphant Light Water Basic ◆/★ Marill
46%
Wisdom of Sea and Sky Water Basic Marill
46%
Promo-A Water Basic Promo Marill
46%
Genetic Apex Metal Basic Mawile
46%
Triumphant Light Metal Basic Mawile
46%
Eevee Grove Metal Basic Mawile
46%
Wisdom of Sea and Sky Metal Basic Mawile
46%
Genetic Apex Metal Stage 1 ◆◆◆ Melmetal
46%
Eevee Grove Metal Stage 1 ◆◆ Melmetal
46%
Genetic Apex Metal Basic Meltan
46%
Eevee Grove Metal Basic Meltan
46%
Celestial Guardians Psychic Basic Mimikyu
46%
Eevee Grove Psychic Basic ◆◆ Mimikyu
46%
Promo-A Psychic Basic Promo Mimikyu
46%
Space-Time Smackdown Psychic Basic Misdreavus
46%
Wisdom of Sea and Sky Psychic Basic 🟎 Misdreavus
46%
Secluded Springs Psychic Basic Misdreavus
46%
Promo-A Psychic Basic Promo Misdreavus
46%
Space-Time Smackdown Grass Basic Mow Rotom
46%
Shining Revelry Darkness Basic Paldean Wooper
46%
Secluded Springs Darkness Basic 🟎 Paldean Wooper
46%
Triumphant Light Fighting Basic Phanpy
46%
Wisdom of Sea and Sky Fighting Basic Phanpy
46%
Secluded Springs Fighting Basic ◆/★ Phanpy
46%
Promo-A Fighting Basic Promo Phanpy
46%
Space-Time Smackdown Colorless Stage 2 ◆◆◆ Porygon-Z
46%
Wisdom of Sea and Sky Colorless Stage 2 ◆◆◆ Porygon-Z
46%
Shining Revelry Trainer Supporter ◆◆/★★ Red
46%
Space-Time Smackdown Colorless Basic ◆◆◆/★ Regigigas
46%
Space-Time Smackdown Fighting Stage 2 ◆◆◆/★ Rhyperior
46%
Space-Time Smackdown Lightning Basic ◆/★ Rotom
46%
Triumphant Light Psychic Basic ◆◆◆ Rotom
46%
Celestial Guardians Trainer Item ◆◆ Rotom Dex
46%
Genetic Apex Fire Basic Salandit
46%
Mythical Island Fire Basic ◆/★ Salandit
46%
Celestial Guardians Fire Basic Salandit
46%
Eevee Grove Fire Basic Salandit
46%
Genetic Apex Fire Stage 1 Salazzle
46%
Mythical Island Fire Stage 1 Salazzle
46%
Celestial Guardians Fire Stage 1 Salazzle
46%
Eevee Grove Fire Stage 1 ◆◆ Salazzle
46%
Wisdom of Sea and Sky Colorless Basic ◆/★ Sentret
46%
Wisdom of Sea and Sky Grass Stage 1 ◆◆ Skiploom
46%
Secluded Springs Grass Stage 1 ◆◆ Skiploom
46%
Space-Time Smackdown Darkness Basic Sneasel
46%
Wisdom of Sea and Sky Darkness Basic Sneasel
46%
Wisdom of Sea and Sky Darkness Basic 🟎 Sneasel
46%
Mythical Island Grass Basic Snivy
46%
Promo-A Grass Basic Promo Snivy
46%
Celestial Guardians Grass Stage 1 ◆◆ Steenee
46%
Eevee Grove Grass Stage 1 Steenee
46%
Celestial Guardians Grass Basic ◆◆◆/★ Tapu Bulu
46%
Celestial Guardians Water Basic ◆◆◆/★ Tapu Fini
46%
Celestial Guardians Lightning Basic ◆◆◆/★ Tapu Koko
46%
Extradimensional Crisis Lightning Basic ◆◆◆◆/★★ Tapu Koko ex
46%
Promo-A Lightning Basic Promo Tapu Koko ex
46%
Celestial Guardians Psychic Basic ◆◆◆/★ Tapu Lele
46%
Space-Time Smackdown Psychic Stage 2 ◆◆◆ Togekiss
46%
Wisdom of Sea and Sky Psychic Stage 2 ◆◆◆ Togekiss
46%
Wisdom of Sea and Sky Water Basic ◆/★ Totodile
46%
Celestial Guardians Grass Stage 2 ◆◆◆/★ Tsareena
46%
Eevee Grove Grass Stage 2 ◆◆ Tsareena
46%
Genetic Apex Lightning Basic Tynamo
46%
Secluded Springs Lightning Basic Tynamo
46%
Wisdom of Sea and Sky Fire Stage 2 ◆◆◆ Typhlosion
46%
Space-Time Smackdown Grass Stage 1 ◆◆ Vespiquen
46%
Triumphant Light Grass Stage 1 ◆◆ Vespiquen
46%
Space-Time Smackdown Water Basic Wash Rotom
46%
Wisdom of Sea and Sky Water Basic Wooper
46%
Space-Time Smackdown Water Stage 1 ◆◆ Abomasnow
42%
Triumphant Light Water Stage 1 ◆◆◆ Abomasnow
42%
Space-Time Smackdown Colorless Basic Aipom
42%
Eevee Grove Colorless Basic Aipom
42%
Wisdom of Sea and Sky Colorless Basic Aipom
42%
Wisdom of Sea and Sky Darkness Stage 1 ◆◆ Ariados
42%
Space-Time Smackdown Trainer Item Armor Fossil
42%
Space-Time Smackdown Colorless Stage 1 Bibarel
42%
Shining Revelry Colorless Stage 1 ◆◆◆◆/★★ Bibarel ex
42%
Space-Time Smackdown Colorless Basic ◆/★ Bidoof
42%
Shining Revelry Colorless Basic Bidoof
42%
Promo-A Colorless Basic Promo Bidoof
42%
Extradimensional Crisis Fire Basic ◆◆/★ Blacephalon
42%
Promo-A Fire Basic Promo Blacephalon
42%
Genetic Apex Trainer Supporter ◆◆/★★ Brock
42%
Space-Time Smackdown Grass Basic Burmy
42%
Triumphant Light Grass Basic Burmy
42%
Extradimensional Crisis Grass Basic ◆◆◆◆/★★/★★★ Buzzwole ex
42%
Celestial Guardians Lightning Stage 1 ◆◆ Charjabug
42%
Wisdom of Sea and Sky Lightning Basic Chinchou
42%
Promo-A Lightning Basic Promo Chinchou
42%
Genetic Apex Grass Basic Cottonee
42%
Space-Time Smackdown Darkness Basic ◆◆◆ Darkrai
42%
Space-Time Smackdown Darkness Basic ◆◆◆◆/★★ Darkrai ex
42%
Promo-A Darkness Basic Promo Darkrai ex
42%
Extradimensional Crisis Grass Stage 2 ◆◆◆ Decidueye
42%
Celestial Guardians Grass Stage 2 ◆◆◆◆/★★ Decidueye ex
42%
Space-Time Smackdown Darkness Stage 1 ◆◆ Drapion
42%
Space-Time Smackdown Psychic Stage 1 ◆◆ Drifblim
42%
Shining Revelry Psychic Stage 1 ◆◆ Drifblim
42%
Space-Time Smackdown Psychic Basic ◆/★ Drifloon
42%
Shining Revelry Psychic Basic Drifloon
42%
Genetic Apex Lightning Stage 1 ◆◆ Eelektrik
42%
Secluded Springs Lightning Stage 1 Eelektrik
42%
Wisdom of Sea and Sky Lightning Stage 1 ◆◆ Flaaffy
42%
Genetic Apex Psychic Stage 2 ◆◆◆ Gardevoir
42%
Eevee Grove Psychic Stage 2 🟎 Gardevoir
42%
Celestial Guardians Grass Basic Grubbin
42%
Extradimensional Crisis Darkness Basic ◆◆◆◆/★★ Guzzlord ex
42%
Space-Time Smackdown Metal Basic ◆◆◆/★ Heatran
42%
Triumphant Light Fire Basic ◆◆◆ Heatran
42%
Eevee Grove Fire Stage 2 ◆◆ Incineroar
42%
Celestial Guardians Fire Stage 2 ◆◆◆◆/★★ Incineroar ex
42%
Wisdom of Sea and Sky Grass Stage 2 ◆◆◆ Jumpluff
42%
Secluded Springs Grass Stage 2 ◆◆◆◆/★★ Jumpluff ex
42%
Extradimensional Crisis Grass Basic Kartana
42%
Promo-A Grass Basic Promo Kartana
42%
Genetic Apex Psychic Stage 1 ◆◆ Kirlia
42%
Space-Time Smackdown Psychic Stage 1 Kirlia
42%
Eevee Grove Psychic Stage 1 🟎 Kirlia
42%
Space-Time Smackdown Grass Basic Kricketot
42%
Space-Time Smackdown Grass Stage 1 Kricketune
42%
Extradimensional Crisis Darkness Stage 2 ◆◆ Krookodile
42%
Wisdom of Sea and Sky Lightning Stage 1 ◆◆◆◆/★★ Lanturn ex
42%
Celestial Guardians Trainer Supporter ◆◆/★★/★★★ Lillie
42%
Space-Time Smackdown Fighting Stage 1 ◆◆◆/★ Lucario
42%
Shining Revelry Fighting Stage 1 ◆◆◆◆/★★/🟎🟎 Lucario ex
42%
Celestial Guardians Fighting Stage 1 ◆◆◆ Lycanroc
42%
Celestial Guardians Fighting Stage 1 ◆◆◆ Lycanroc
42%
Promo-A Fighting Stage 1 Promo Lycanroc
42%
Extradimensional Crisis Fighting Stage 1 ◆◆◆◆/★★ Lycanroc ex
42%
Space-Time Smackdown Water Basic ◆◆/★ Manaphy
42%
Promo-A Water Basic Promo Manaphy
42%
Extradimensional Crisis Water Basic Mantine
42%
Wisdom of Sea and Sky Water Basic ◆◆ Mantine
42%
Mythical Island Fighting Basic ◆◆◆/★ Marshadow
42%
Shining Revelry Grass Stage 2 ◆◆◆/★ Meowscarada
42%
Secluded Springs Psychic Stage 1 ◆◆ Mismagius
42%
Space-Time Smackdown Psychic Stage 1 ◆◆◆◆/★★ Mismagius ex
42%
Wisdom of Sea and Sky Psychic Stage 1 🟎🟎 Mismagius ex
42%
Genetic Apex Trainer Supporter ◆◆/★★ Misty
42%
Triumphant Light Grass Stage 1 ◆◆ Mothim
42%
Celestial Guardians Psychic Basic ◆◆◆ Necrozma
42%
Wisdom of Sea and Sky Water Stage 1 ◆◆◆/★ Octillery
42%
Shining Revelry Lightning Basic ◆◆/🟎 Pachirisu
42%
Promo-A Lightning Basic Promo Pachirisu
42%
Space-Time Smackdown Lightning Basic ◆◆◆◆/★★ Pachirisu ex
42%
Wisdom of Sea and Sky Lightning Basic 🟎🟎 Pachirisu ex
42%
Genetic Apex Grass Basic Petilil
42%
Extradimensional Crisis Grass Basic Petilil
42%
Celestial Guardians Colorless Basic ◆/★ Pikipek
42%
Space-Time Smackdown Water Stage 1 ◆◆ Piloswine
42%
Wisdom of Sea and Sky Fighting Stage 1 ◆◆ Piloswine
42%
Celestial Guardians Water Stage 2 ◆◆◆ Primarina
42%
Eevee Grove Water Stage 2 ◆◆◆◆/★★ Primarina ex
42%
Wisdom of Sea and Sky Water Stage 1 ◆◆ Quagsire
42%
Wisdom of Sea and Sky Fire Stage 1 ◆◆ Quilava
42%
Wisdom of Sea and Sky Water Basic ◆◆/★ Qwilfish
42%
Genetic Apex Psychic Basic Ralts
42%
Space-Time Smackdown Psychic Basic Ralts
42%
Eevee Grove Psychic Basic 🟎 Ralts
42%
Space-Time Smackdown Fighting Stage 1 ◆◆◆ Rampardos
42%
Space-Time Smackdown Fighting Basic ◆◆ Regirock
42%
Space-Time Smackdown Metal Basic ◆◆ Registeel
42%
Wisdom of Sea and Sky Water Basic Remoraid
42%
Space-Time Smackdown Fighting Basic Riolu
42%
Shining Revelry Fighting Basic ◆/🟎 Riolu
42%
Promo-A Fighting Basic Promo Riolu
42%
Celestial Guardians Fighting Basic ◆/★ Rockruff
42%
Celestial Guardians Fighting Basic Rockruff
42%
Extradimensional Crisis Fighting Basic Rockruff
42%
Space-Time Smackdown Grass Stage 1 ◆◆ Roserade
42%
Celestial Guardians Grass Basic Rowlet
42%
Celestial Guardians Grass Basic Rowlet
42%
Extradimensional Crisis Grass Basic ◆/★ Rowlet
42%
Extradimensional Crisis Darkness Basic Sandile
42%
Extradimensional Crisis Water Stage 1 ◆◆ Sharpedo
42%
Space-Time Smackdown Grass Basic ◆◆◆/★ Shaymin
42%
Triumphant Light Colorless Basic ◆◆◆/★ Shaymin
42%
Wisdom of Sea and Sky Psychic Stage 1 ◆◆ Slowking
42%
Secluded Springs Water Stage 1 ◆◆ Slowking
42%
Space-Time Smackdown Water Basic Snover
42%
Triumphant Light Water Basic Snover
42%
Wisdom of Sea and Sky Darkness Basic ◆/★ Spinarak
42%
Triumphant Light Fighting Basic ◆◆/★ Sudowoodo
42%
Wisdom of Sea and Sky Fighting Basic Sudowoodo
42%
Space-Time Smackdown Water Basic Swinub
42%
Wisdom of Sea and Sky Fighting Basic Swinub
42%
Wisdom of Sea and Sky Colorless Basic Teddiursa
42%
Secluded Springs Colorless Basic Teddiursa
42%
Celestial Guardians Lightning Basic Togedemaru
42%
Eevee Grove Metal Basic Togedemaru
42%
Promo-A Metal Basic Promo Togedemaru
42%
Celestial Guardians Colorless Stage 2 ◆◆ Toucannon
42%
Promo-A Colorless Stage 2 Promo Toucannon
42%
Celestial Guardians Fire Basic ◆◆◆/★ Turtonator
42%
Promo-A Dragon Basic Promo Ultra Necrozma ex
42%
Wisdom of Sea and Sky Colorless Stage 1 ◆◆ Ursaring
42%
Secluded Springs Colorless Stage 1 ◆◆ Ursaring
42%
Celestial Guardians Lightning Stage 2 ◆◆◆ Vikavolt
42%
Wisdom of Sea and Sky Darkness Stage 1 ◆◆ Weavile
42%
Promo-A Darkness Stage 1 Promo Weavile
42%
Space-Time Smackdown Darkness Stage 1 ◆◆◆◆/★★ Weavile ex
42%
Wisdom of Sea and Sky Darkness Stage 1 🟎🟎 Weavile ex
42%
Genetic Apex Grass Stage 1 ◆◆ Whimsicott
42%
Celestial Guardians Water Basic Wishiwashi
42%
Celestial Guardians Water Basic ◆◆◆◆/★★ Wishiwashi ex
42%
Space-Time Smackdown Grass Stage 1 Wormadam
42%
Space-Time Smackdown Fighting Stage 1 Wormadam
42%
Space-Time Smackdown Metal Stage 1 Wormadam
42%
Space-Time Smackdown Grass Basic Yanma
42%
Wisdom of Sea and Sky Grass Basic Yanma
42%
Wisdom of Sea and Sky Grass Basic 🟎 Yanma
42%
Genetic Apex Lightning Stage 1 ◆◆ Zebstrika
42%
Extradimensional Crisis Lightning Stage 1 Zebstrika
42%
Extradimensional Crisis Lightning Basic ◆◆◆ Zeraora
42%
Promo-A Lightning Basic Promo Zeraora
42%
Celestial Guardians Darkness Basic ◆◆◆ Absol
38%
Wisdom of Sea and Sky Darkness Basic ◆◆ Absol
38%
Celestial Guardians Water Stage 1 ◆◆ Araquanid
38%
Triumphant Light Water Basic Barboach
38%
Eevee Grove Fighting Basic Barboach
38%
Celestial Guardians Colorless Stage 1 ◆◆◆/★ Bewear
38%
Extradimensional Crisis Colorless Stage 1 ◆◆ Bewear
38%
Wisdom of Sea and Sky Colorless Stage 1 ◆◆◆/★ Blissey
38%
Promo-A Colorless Stage 1 Promo Blissey ex
38%
Genetic Apex Lightning Basic Blitzle
38%
Extradimensional Crisis Lightning Basic Blitzle
38%
Mythical Island Trainer Supporter ◆◆/★★ Blue
38%
Celestial Guardians Water Stage 1 ◆◆ Brionne
38%
Eevee Grove Water Stage 1 Brionne
38%
Genetic Apex Water Basic ◆◆ Bruxish
38%
Celestial Guardians Water Basic Bruxish
38%
Space-Time Smackdown Water Basic Buizel
38%
Shining Revelry Water Basic ◆/★ Buizel
38%
Extradimensional Crisis Water Basic Carvanha
38%
Extradimensional Crisis Colorless Basic ◆◆◆/★ Celesteela
38%
Celestial Guardians Psychic Basic ◆◆◆/★ Comfey
38%
Wisdom of Sea and Sky Water Basic Corphish
38%
Space-Time Smackdown Fighting Basic ◆◆ Cranidos
38%
Wisdom of Sea and Sky Water Stage 1 ◆◆◆ Crawdaunt
38%
Space-Time Smackdown Psychic Basic ◆◆◆/★ Cresselia
38%
Promo-A Psychic Basic Promo Cresselia ex
38%
Celestial Guardians Grass Stage 1 ◆◆ Dartrix
38%
Extradimensional Crisis Grass Stage 1 ◆◆ Dartrix
38%
Mythical Island Lightning Basic ◆/★ Dedenne
38%
Wisdom of Sea and Sky Water Basic ◆◆/★ Delibird
38%
Celestial Guardians Water Basic Dewpider
38%
Secluded Springs Grass Basic Durant
38%
Space-Time Smackdown Psychic Stage 2 ◆◆◆ Dusknoir
38%
Extradimensional Crisis Lightning Basic Emolga
38%
Wisdom of Sea and Sky Lightning Basic Emolga
38%
Space-Time Smackdown Water Stage 1 ◆◆ Floatzel
38%
Shining Revelry Water Stage 1 ◆◆ Floatzel
38%
Promo-A Water Stage 1 Promo Floatzel
38%
Shining Revelry Grass Stage 1 ◆◆ Floragato
38%
Secluded Springs Psychic Basic Frillish
38%
Genetic Apex Water Basic Froakie
38%
Extradimensional Crisis Water Basic 🟎 Froakie
38%
Promo-A Water Basic Promo Froakie
38%
Genetic Apex Water Stage 1 ◆◆ Frogadier
38%
Extradimensional Crisis Water Stage 1 🟎 Frogadier
38%
Triumphant Light Water Stage 1 ◆◆ Froslass
38%
Space-Time Smackdown Fighting Stage 2 ◆◆◆◆/★★ Gallade ex
38%
Eevee Grove Fighting Stage 2 🟎🟎 Gallade ex
38%
Genetic Apex Trainer Supporter ◆◆/★★ Giovanni
38%
Space-Time Smackdown Colorless Basic ◆/★ Glameow
38%
Genetic Apex Water Stage 2 ◆◆◆ Greninja
38%
Extradimensional Crisis Water Stage 2 🟎 Greninja
38%
Promo-A Water Stage 2 Promo Greninja
38%
Celestial Guardians Colorless Stage 1 Gumshoos
38%
Genetic Apex Fire Basic Heatmor
38%
Wisdom of Sea and Sky Fire Basic Heatmor
38%
Genetic Apex Lightning Stage 1 Heliolisk
38%
Celestial Guardians Lightning Basic Heliolisk
38%
Genetic Apex Lightning Basic Helioptile
38%
Celestial Guardians Lightning Stage 1 Helioptile
38%
Secluded Springs Psychic Stage 1 ◆◆ Jellicent
38%
Wisdom of Sea and Sky Metal Stage 1 ◆◆ Klang
38%
Wisdom of Sea and Sky Metal Basic Klink
38%
Wisdom of Sea and Sky Metal Stage 2 ◆◆◆ Klinklang
38%
Celestial Guardians Dragon Stage 2 ◆◆◆ Kommo-o
38%
Secluded Springs Psychic Basic ◆◆◆ Latias
38%
Promo-A Psychic Basic Promo Latias
38%
Secluded Springs Psychic Basic ◆◆◆/★ Latios
38%
Shining Revelry Colorless Stage 1 Lickilicky
38%
Secluded Springs Colorless Stage 1 ◆◆ Lickilicky
38%
Space-Time Smackdown Colorless Stage 1 ◆◆◆◆/★★ Lickilicky ex
38%
Wisdom of Sea and Sky Colorless Stage 1 🟎🟎 Lickilicky ex
38%
Genetic Apex Grass Stage 1 ◆◆ Lilligant
38%
Extradimensional Crisis Grass Stage 1 Lilligant
38%
Celestial Guardians Fire Basic Litten
38%
Celestial Guardians Fire Basic Litten
38%
Eevee Grove Fire Basic Litten
38%
Space-Time Smackdown Colorless Stage 1 Lopunny
38%
Shining Revelry Colorless Stage 1 Lopunny
38%
Celestial Guardians Psychic Basic Lunatone
38%
Celestial Guardians Metal Basic ◆◆◆/★ Magearna
38%
Celestial Guardians Darkness Basic Mareanie
38%
Triumphant Light Fighting Stage 1 ◆◆ Medicham
38%
Extradimensional Crisis Fighting Stage 1 ◆◆ Medicham
38%
Triumphant Light Fighting Basic Meditite
38%
Extradimensional Crisis Fighting Basic Meditite
38%
Genetic Apex Fighting Basic Mienfoo
38%
Eevee Grove Fighting Basic Mienfoo
38%
Genetic Apex Fighting Stage 1 ◆◆ Mienshao
38%
Eevee Grove Fighting Stage 1 ◆◆ Mienshao
38%
Extradimensional Crisis Darkness Stage 1 ◆◆◆ Naganadel
38%
Extradimensional Crisis Darkness Basic ◆◆◆/♛ Nihilego
38%
Space-Time Smackdown Fighting Basic Nosepass
38%
Triumphant Light Fighting Basic Nosepass
38%
Promo-A Fighting Basic Promo Nosepass
38%
Celestial Guardians Fire Basic ◆◆ Oricorio
38%
Celestial Guardians Lightning Basic ◆◆◆/★ Oricorio
38%
Celestial Guardians Psychic Basic ◆◆ Oricorio
38%
Celestial Guardians Psychic Basic ◆◆ Oricorio
38%
Shining Revelry Lightning Basic Pawmi
38%
Shining Revelry Lightning Stage 1 ◆◆ Pawmo
38%
Shining Revelry Lightning Stage 2 ◆◆◆ Pawmot
38%
Promo-A Lightning Stage 2 Promo Pawmot
38%
Extradimensional Crisis Grass Basic ◆◆/★ Pheromosa
38%
Triumphant Light Water Basic ◆◆ Phione
38%
Extradimensional Crisis Darkness Basic Poipole
38%
Promo-A Darkness Basic Promo Poipole
38%
Celestial Guardians Water Basic Popplio
38%
Celestial Guardians Water Basic Popplio
38%
Eevee Grove Water Basic Popplio
38%
Space-Time Smackdown Metal Stage 1 ◆◆ Probopass
38%
Triumphant Light Metal Stage 1 ◆◆◆◆/★★ Probopass ex
38%
Space-Time Smackdown Colorless Stage 1 ◆◆ Purugly
38%
Space-Time Smackdown Water Basic ◆◆ Regice
38%
Space-Time Smackdown Grass Basic Roselia
38%
Space-Time Smackdown Metal Basic ◆◆ Shieldon
38%
Wisdom of Sea and Sky Grass Basic ◆◆◆◆/★★ Shuckle ex
38%
Space-Time Smackdown Metal Basic ◆◆ Skarmory
38%
Promo-A Metal Basic Promo Skarmory
38%
Space-Time Smackdown Darkness Basic Skorupi
38%
Space-Time Smackdown Darkness Stage 1 ◆◆ Skuntank
38%
Wisdom of Sea and Sky Colorless Basic ◆◆/★ Smeargle
38%
Wisdom of Sea and Sky Psychic Basic ◆◆◆ Smoochum
38%
Triumphant Light Water Basic Snorunt
38%
Celestial Guardians Fighting Basic Solrock
38%
Shining Revelry Grass Basic Sprigatito
38%
Promo-A Grass Basic Promo Sprigatito
38%
Extradimensional Crisis Metal Basic ◆◆ Stakataka
38%
Promo-A Metal Basic Promo Stakataka
38%
Wisdom of Sea and Sky Colorless Basic ◆◆/★ Stantler
38%
Celestial Guardians Colorless Basic Stufful
38%
Extradimensional Crisis Colorless Basic Stufful
38%
Promo-A Colorless Basic Promo Stufful
38%
Space-Time Smackdown Darkness Basic Stunky
38%
Celestial Guardians Fire Stage 2 ◆◆◆ Talonflame
38%
Secluded Springs Fire Stage 2 ◆◆ Talonflame
38%
Celestial Guardians Fire Stage 1 ◆◆ Torracat
38%
Eevee Grove Fire Stage 1 Torracat
38%
Celestial Guardians Darkness Stage 1 Toxapex
38%
Celestial Guardians Colorless Stage 1 Trumbeak
38%
Triumphant Light Water Stage 1 ◆◆ Whiscash
38%
Eevee Grove Fighting Stage 1 ◆◆ Whiscash
38%
Shining Revelry Water Basic ◆/🟎 Wiglett
38%
Shining Revelry Water Stage 1 ◆◆◆◆/★★/🟎🟎 Wugtrio ex
38%
Extradimensional Crisis Lightning Basic ◆◆ Xurkitree
38%
Promo-A Lightning Basic Promo Xurkitree
38%
Celestial Guardians Colorless Basic Yungoos
38%
Secluded Springs Darkness Stage 1 ◆◆◆ Zoroark
38%
Promo-A Darkness Stage 1 Promo Zoroark
38%
Eevee Grove Colorless Basic Audino
35%
Promo-A Colorless Basic Promo Audino
35%
Secluded Springs Colorless Basic ◆◆◆/★ Azurill
35%
Extradimensional Crisis Fighting Basic Baltoy
35%
Celestial Guardians Psychic Stage 1 Banette
35%
Wisdom of Sea and Sky Fighting Stage 1 ◆◆ Barbaracle
35%
Space-Time Smackdown Metal Stage 1 ◆◆◆ Bastiodon
35%
Wisdom of Sea and Sky Fighting Basic Binacle
35%
Space-Time Smackdown Metal Stage 1 ◆◆ Bronzong
35%
Triumphant Light Metal Stage 1 ◆◆ Bronzong
35%
Space-Time Smackdown Metal Basic Bronzor
35%
Triumphant Light Metal Basic Bronzor
35%
Space-Time Smackdown Colorless Basic Buneary
35%
Shining Revelry Colorless Basic Buneary
35%
Genetic Apex Fire Stage 1 ◆◆◆ Centiskorch
35%
Mythical Island Colorless Basic Chatot
35%
Space-Time Smackdown Colorless Basic Chatot
35%
Eevee Grove Colorless Basic Chatot
35%
Triumphant Light Grass Stage 1 ◆◆ Cherrim
35%
Triumphant Light Grass Stage 1 ◆◆ Cherrim
35%
Wisdom of Sea and Sky Grass Stage 1 ◆◆ Cherrim
35%
Promo-A Grass Stage 1 Promo Cherrim
35%
Triumphant Light Grass Basic Cherubi
35%
Wisdom of Sea and Sky Grass Basic Cherubi
35%
Genetic Apex Colorless Stage 1 ◆◆ Cinccino
35%
Eevee Grove Colorless Stage 1 ◆◆ Cinccino
35%
Promo-A Colorless Stage 1 Promo Cinccino
35%
Extradimensional Crisis Fighting Stage 1 ◆◆ Claydol
35%
Wisdom of Sea and Sky Water Basic Corsola
35%
Celestial Guardians Water Basic ◆◆◆◆/★★ Crabominable ex
35%
Celestial Guardians Fighting Basic Crabrawler
35%
Promo-A Fighting Basic Promo Crabrawler
35%
Celestial Guardians Psychic Basic ◆/★ Cutiefly
35%
Celestial Guardians Colorless Stage 1 ◆◆ Delcatty
35%
Mythical Island Grass Basic ◆◆ Dhelmise
35%
Celestial Guardians Grass Basic ◆◆◆◆/★★ Dhelmise ex
35%
Shining Revelry Water Basic ◆◆◆/🟎 Dondozo
35%
Secluded Springs Darkness Stage 1 Dragalge
35%
Celestial Guardians Fighting Basic Drilbur
35%
Mythical Island Dragon Basic ◆◆ Druddigon
35%
Wisdom of Sea and Sky Colorless Basic Dunsparce
35%
Space-Time Smackdown Psychic Stage 1 ◆◆ Dusclops
35%
Space-Time Smackdown Psychic Basic Duskull
35%
Triumphant Light Lightning Basic Electrike
35%
Celestial Guardians Metal Stage 1 ◆◆ Excadrill
35%
Secluded Springs Water Basic Feebas
35%
Extradimensional Crisis Metal Basic Ferroseed
35%
Extradimensional Crisis Metal Stage 1 ◆◆ Ferrothorn
35%
Mythical Island Water Basic Finneon
35%
Space-Time Smackdown Water Basic Finneon
35%
Celestial Guardians Fire Stage 1 Fletchinder
35%
Secluded Springs Fire Stage 1 Fletchinder
35%
Celestial Guardians Colorless Basic Fletchling
35%
Secluded Springs Colorless Basic Fletchling
35%
Celestial Guardians Grass Basic Fomantis
35%
Secluded Springs Psychic Basic Galarian Corsola
35%
Space-Time Smackdown Water Stage 1 ◆◆/★ Gastrodon
35%
Space-Time Smackdown Trainer Pokémon Tool ◆◆ Giant Cape
35%
Space-Time Smackdown Fighting Basic Gligar
35%
Wisdom of Sea and Sky Fighting Basic ◆/★ Gligar
35%
Genetic Apex Grass Stage 1 Gogoat
35%
Celestial Guardians Dragon Stage 1 ◆◆ Hakamo-o
35%
Celestial Guardians Fighting Stage 1 ◆◆ Hariyama
35%
Space-Time Smackdown Fighting Basic ◆/★ Hippopotas
35%
Space-Time Smackdown Fighting Stage 1 ◆◆ Hippowdon
35%
Celestial Guardians Dragon Basic Jangmo-o
35%
Celestial Guardians Metal Basic ◆◆◆ Klefki
35%
Extradimensional Crisis Colorless Basic Lillipup
35%
Mythical Island Water Stage 1 ◆◆ Lumineon
35%
Space-Time Smackdown Water Stage 1 ◆◆ Lumineon
35%
Celestial Guardians Grass Stage 1 ◆◆ Lurantis
35%
Celestial Guardians Fighting Basic Makuhita
35%
Space-Time Smackdown Water Stage 2 ◆◆◆/★ Mamoswine
35%
Wisdom of Sea and Sky Fighting Stage 2 ◆◆◆ Mamoswine
35%
Triumphant Light Lightning Stage 1 ◆◆ Manectric
35%
Secluded Springs Water Basic ◆◆◆/♛ Mantyke
35%
Celestial Guardians Grass Basic Maractus
35%
Celestial Guardians Grass Stage 1 ◆◆ Masquerain
35%
Space-Time Smackdown Darkness Stage 1 ◆◆ Mightyena
35%
Secluded Springs Water Stage 1 ◆◆◆/★ Milotic
35%
Promo-A Water Stage 1 Promo Milotic
35%
Secluded Springs Colorless Basic ◆◆ Miltank
35%
Promo-A Colorless Basic Promo Miltank
35%
Genetic Apex Colorless Basic Minccino
35%
Eevee Grove Colorless Basic Minccino
35%
Celestial Guardians Fighting Basic ◆◆/★ Minior
35%
Mythical Island Grass Basic Morelull
35%
Celestial Guardians Grass Basic ◆/★ Morelull
35%
Extradimensional Crisis Psychic Basic Morelull
35%
Celestial Guardians Fighting Basic Mudbray
35%
Celestial Guardians Fighting Stage 1 ◆◆/★ Mudsdale
35%
Wisdom of Sea and Sky Psychic Basic Natu
35%
Space-Time Smackdown Darkness Basic Poochyena
35%
Genetic Apex Water Basic Pyukumuku
35%
Celestial Guardians Water Basic ◆/★ Pyukumuku
35%
Secluded Springs Water Basic 🟎 Pyukumuku
35%
Celestial Guardians Psychic Stage 1 ◆◆ Ribombee
35%
Mythical Island Darkness Stage 2 ◆◆ Scolipede
35%
Space-Time Smackdown Water Basic Shellos
35%
Mythical Island Grass Stage 1 ◆◆ Shiinotic
35%
Celestial Guardians Grass Stage 1 ◆◆ Shiinotic
35%
Extradimensional Crisis Psychic Stage 1 ◆◆◆ Shiinotic
35%
Celestial Guardians Psychic Basic Shuppet
35%
Genetic Apex Fire Basic Sizzlipede
35%
Genetic Apex Grass Basic Skiddo
35%
Celestial Guardians Colorless Basic Skitty
35%
Secluded Springs Darkness Basic Skrelp
35%
Space-Time Smackdown Darkness Basic ◆◆/★ Spiritomb
35%
Shining Revelry Darkness Basic ◆◆ Spiritomb
35%
Celestial Guardians Grass Basic Surskit
35%
Shining Revelry Water Basic ◆◆/★ Tatsugiri
35%
Shining Revelry Trainer Supporter ◆◆/★★ Team Rocket Grunt
35%
Space-Time Smackdown Psychic Basic ◆◆ Uxie
35%
Mythical Island Darkness Basic Venipede
35%
Mythical Island Darkness Stage 1 Whirlipede
35%
Wisdom of Sea and Sky Psychic Stage 1 ◆◆◆/★ Xatu
35%
Wisdom of Sea and Sky Grass Stage 1 ◆◆ Yanmega
35%
Space-Time Smackdown Grass Stage 1 ◆◆◆◆/★★ Yanmega ex
35%
Extradimensional Crisis Metal Stage 2 ◆◆ Aggron
31%
Eevee Grove Water Basic Alomomola
31%
Secluded Springs Dragon Stage 1 ◆◆◆ Altaria
31%
Space-Time Smackdown Colorless Stage 1 Ambipom
31%
Eevee Grove Colorless Stage 1 ◆◆ Ambipom
31%
Wisdom of Sea and Sky Colorless Stage 1 Ambipom
31%
Extradimensional Crisis Metal Basic Aron
31%
Space-Time Smackdown Psychic Basic ◆◆ Azelf
31%
Genetic Apex Metal Stage 1 ◆◆ Bisharp
31%
Genetic Apex Trainer Supporter ◆◆/★★ Blaine
31%
Secluded Springs Lightning Stage 1 ◆◆◆ Boltund
31%
Wisdom of Sea and Sky Colorless Basic ◆◆ Bouffalant
31%
Eevee Grove Fighting Basic Carbink
31%
Mythical Island Water Basic Chewtle
31%
Secluded Springs Fighting Stage 1 ◆◆ Crustle
31%
Space-Time Smackdown Trainer Supporter ◆◆/★★ Cynthia
31%
Space-Time Smackdown Trainer Supporter ◆◆/★★ Cyrus
31%
Wisdom of Sea and Sky Fire Stage 1 ◆◆ Darmanitan
31%
Wisdom of Sea and Sky Fire Basic Darumaka
31%
Space-Time Smackdown Trainer Supporter ◆◆/★★ Dawn
31%
Mythical Island Water Stage 1 ◆◆ Drednaw
31%
Genetic Apex Colorless Stage 1 Dubwool
31%
Genetic Apex Water Basic Ducklett
31%
Wisdom of Sea and Sky Water Basic Ducklett
31%
Secluded Springs Fighting Basic Dwebble
31%
Genetic Apex Trainer Supporter ◆◆/★★ Erika
31%
Mythical Island Psychic Basic Flabébé
31%
Mythical Island Psychic Stage 1 Floette
31%
Mythical Island Psychic Stage 2 ◆◆ Florges
31%
Wisdom of Sea and Sky Metal Stage 1 ◆◆ Forretress
31%
Wisdom of Sea and Sky Psychic Basic Girafarig
31%
Celestial Guardians Grass Stage 1 ◆◆◆ Golisopod
31%
Wisdom of Sea and Sky Psychic Stage 1 ◆◆ Granbull
31%
Celestial Guardians Psychic Stage 1 ◆◆ Grumpig
31%
Celestial Guardians Fighting Stage 1 ◆◆ Gurdurr
31%
Celestial Guardians Trainer Supporter ◆◆/★★/★★★ Guzma
31%
Celestial Guardians Colorless Basic ◆◆ Hawlucha
31%
Extradimensional Crisis Colorless Stage 1 Herdier
31%
Secluded Springs Darkness Basic Inkay
31%
Genetic Apex Trainer Supporter ◆◆/★★ Koga
31%
Extradimensional Crisis Metal Stage 1 Lairon
31%
Mythical Island Fire Basic Larvesta
31%
Genetic Apex Trainer Supporter ◆◆/★★ Lt. Surge
31%
Secluded Springs Darkness Stage 1 ◆◆ Malamar
31%
Space-Time Smackdown Psychic Basic ◆◆◆/★ Mesprit
31%
Celestial Guardians Colorless Basic ◆◆◆ Oranguru
31%
Extradimensional Crisis Colorless Basic Oranguru
31%
Shining Revelry Darkness Stage 1 ◆◆◆◆/★★ Paldean Clodsire ex
31%
Secluded Springs Darkness Stage 1 🟎🟎 Paldean Clodsire ex
31%
Extradimensional Crisis Fighting Basic Passimian
31%
Celestial Guardians Fighting Basic ◆◆◆◆/★★ Passimian ex
31%
Genetic Apex Lightning Basic ◆◆ Pincurchin
31%
Wisdom of Sea and Sky Grass Basic Pineco
31%
Promo-A Trainer Item Promo Potion
31%
Celestial Guardians Trainer Item ◆◆ Rare Candy
31%
Space-Time Smackdown Trainer Pokémon Tool ◆◆ Rocky Helmet
31%
Genetic Apex Trainer Supporter ◆◆/★★ Sabrina
31%
Extradimensional Crisis Colorless Stage 1 ◆◆◆/★ Silvally
31%
Wisdom of Sea and Sky Psychic Basic Snubbull
31%
Celestial Guardians Psychic Basic Spoink
31%
Extradimensional Crisis Colorless Stage 2 ◆◆ Stoutland
31%
Genetic Apex Water Stage 1 ◆◆ Swanna
31%
Wisdom of Sea and Sky Water Stage 1 ◆◆ Swanna
31%
Space-Time Smackdown Trainer Supporter ◆◆/★★ Team Galactic Grunt
31%
Celestial Guardians Fighting Basic Timburr
31%
Shining Revelry Metal Basic Tinkatink
31%
Shining Revelry Metal Stage 2 ◆◆◆◆/★★ Tinkaton ex
31%
Shining Revelry Metal Stage 1 ◆◆ Tinkatuff
31%
Eevee Grove Grass Basic Tropius
31%
Promo-A Grass Basic Promo Tropius
31%
Extradimensional Crisis Colorless Basic ◆◆ Type: Null
31%
Eevee Grove Water Stage 1 Vanillish
31%
Eevee Grove Water Basic Vanillite
31%
Promo-A Water Basic Promo Vanillite
31%
Eevee Grove Water Stage 2 ◆◆ Vanilluxe
31%
Mythical Island Fire Stage 1 ◆◆◆ Volcarona
31%
Promo-A Fire Stage 1 Promo Volcarona
31%
Wisdom of Sea and Sky Psychic Basic ◆/★ Wobbuffet
31%
Genetic Apex Colorless Basic Wooloo
31%
Secluded Springs Lightning Basic ◆/★ Yamper
31%
Secluded Springs Darkness Basic Zorua
31%
Promo-A Darkness Basic Promo Zorua
31%
Eevee Grove Grass Stage 1 ◆◆ Appletun
27%
Eevee Grove Grass Basic Applin
27%
Triumphant Light Trainer Supporter ◆◆/★★ Barry
27%
Genetic Apex Fighting Basic Clobbopus
27%
Secluded Springs Water Basic Cryogonal
27%
Genetic Apex Trainer Item Dome Fossil
27%
Genetic Apex Water Stage 1 ◆◆ Frosmoth
27%
Mythical Island Lightning Stage 1 ◆◆ Galvantula
27%
Eevee Grove Lightning Stage 1 ◆◆ Galvantula
27%
Celestial Guardians Darkness Stage 1 ◆◆ Garbodor
27%
Space-Time Smackdown Fighting Stage 1 ◆◆ Gliscor
27%
Wisdom of Sea and Sky Fighting Stage 1 ◆◆ Gliscor
27%
Genetic Apex Psychic Basic Golett
27%
Genetic Apex Psychic Stage 1 ◆◆ Golurk
27%
Genetic Apex Fighting Stage 1 ◆◆ Grapploct
27%
Eevee Grove Colorless Stage 1 ◆◆ Greedent
27%
Promo-A Colorless Stage 1 Promo Greedent
27%
Genetic Apex Trainer Item Helix Fossil
27%
Celestial Guardians Trainer Supporter ◆◆/★★ Ilima
27%
Mythical Island Lightning Basic Joltik
27%
Eevee Grove Lightning Basic Joltik
27%
Celestial Guardians Trainer Supporter ◆◆/★★ Kiawe
27%
Celestial Guardians Trainer Supporter ◆◆/★★ Lana
27%
Celestial Guardians Trainer Supporter ◆◆/★★ Mallow
27%
Wisdom of Sea and Sky Psychic Basic Munna
27%
Wisdom of Sea and Sky Psychic Stage 1 ◆◆ Musharna
27%
Genetic Apex Trainer Item Old Amber
27%
Mythical Island Trainer Item Old Amber
27%
Celestial Guardians Psychic Stage 1 ◆◆◆ Palossand
27%
Extradimensional Crisis Fighting Stage 1 ◆◆ Palossand
27%
Genetic Apex Metal Basic Pawniard
27%
Promo-A Trainer Item Promo Pokédex
27%
Shining Revelry Trainer Supporter ◆◆/★★ Pokémon Center Lady
27%
Promo-A Colorless Basic Promo Rayquaza
27%
Promo-A Colorless Basic Promo Rayquaza ex
27%
Promo-A Colorless Basic Promo Rayquaza ex
27%
Secluded Springs Fighting Basic Relicanth
27%
Shining Revelry Metal Stage 1 ◆◆/🟎 Revavroom
27%
Celestial Guardians Psychic Basic ◆/★ Sandygast
27%
Extradimensional Crisis Fighting Basic Sandygast
27%
Secluded Springs Darkness Basic Seviper
27%
Mythical Island Psychic Basic ◆◆ Sigilyph
27%
Eevee Grove Colorless Basic Skwovet
27%
Mythical Island Psychic Stage 1 Slurpuff
27%
Eevee Grove Psychic Stage 1 ◆◆ Slurpuff
27%
Genetic Apex Water Basic Snom
27%
Celestial Guardians Trainer Supporter ◆◆/★★ Sophocles
27%
Secluded Springs Colorless Basic Swablu
27%
Mythical Island Psychic Basic Swirlix
27%
Eevee Grove Psychic Basic Swirlix
27%
Genetic Apex Psychic Stage 1 Swoobat
27%
Eevee Grove Psychic Stage 1 ◆◆ Swoobat
27%
Celestial Guardians Grass Stage 1 ◆◆ Trevenant
27%
Extradimensional Crisis Psychic Stage 1 Trevenant
27%
Celestial Guardians Darkness Basic Trubbish
27%
Shining Revelry Metal Basic ◆/🟎 Varoom
27%
Space-Time Smackdown Trainer Supporter ◆◆/★★ Volkner
27%
Celestial Guardians Grass Basic Wimpod
27%
Genetic Apex Psychic Basic Woobat
27%
Eevee Grove Psychic Basic Woobat
27%
Secluded Springs Colorless Basic ◆◆ Zangoose
27%
Celestial Guardians Trainer Supporter ◆◆/★★ Acerola
23%
Triumphant Light Trainer Supporter ◆◆/★★ Adaman
23%
Eevee Grove Psychic Stage 1 ◆◆ Alcremie
23%
Promo-A Psychic Stage 1 Promo Alcremie
23%
Mythical Island Psychic Stage 1 ◆◆ Beheeyem
23%
Mythical Island Water Basic Cramorant
23%
Mythical Island Psychic Basic Elgyem
23%
Celestial Guardians Metal Stage 1 ◆◆ Escavalier
23%
Shining Revelry Trainer Supporter ◆◆/★★ Iono
23%
Triumphant Light Trainer Supporter ◆◆/★★ Irida
23%
Celestial Guardians Grass Basic Karrablast
23%
Celestial Guardians Colorless Basic ◆◆/★ Komala
23%
Mythical Island Darkness Stage 1 Liepard
23%
Eevee Grove Darkness Stage 1 ◆◆ Liepard
23%
Extradimensional Crisis Trainer Supporter ◆◆/★★ Lusamine
23%
Eevee Grove Psychic Basic Milcery
23%
Celestial Guardians Grass Basic Phantump
23%
Extradimensional Crisis Psychic Basic Phantump
23%
Space-Time Smackdown Trainer Item ◆◆ Pokémon Communication
23%
Mythical Island Darkness Basic Purrloin
23%
Eevee Grove Darkness Basic Purrloin
23%
Promo-A Trainer Item Promo Red Card
23%
Wisdom of Sea and Sky Metal Basic ◆◆◆◆/★★ Skarmory ex
23%
Space-Time Smackdown Trainer Item Skull Fossil
23%
Secluded Springs Lightning Basic ◆/★ Stunfisk
23%
Eevee Grove Fire Basic Torkoal
23%
Triumphant Light Trainer Supporter ◆◆/★★ Celestic Town Elder
19%
Wisdom of Sea and Sky Trainer Supporter ◆◆/★★ Fisher
19%
Shining Revelry Fighting Basic ◆◆ Flamigo
19%
Secluded Springs Psychic Stage 1 ◆◆◆ Galarian Cursola
19%
Extradimensional Crisis Trainer Supporter ◆◆/★★ Gladion
19%
Shining Revelry Darkness Stage 1 ◆◆◆/★ Grafaiai
19%
Wisdom of Sea and Sky Trainer Supporter ◆◆/★★ Hiker
19%
Secluded Springs Trainer Item ◆◆ Inflatable Boat
19%
Extradimensional Crisis Trainer Supporter ◆◆/★★ Looker
19%
Secluded Springs Trainer Pokémon Tool ◆◆ Memory Light
19%
Eevee Grove Trainer Supporter ◆◆/★★ Penny
19%
Promo-A Trainer Item Promo Pokédex
19%
Extradimensional Crisis Trainer Item ◆◆ Repel
19%
Shining Revelry Darkness Basic Shroodle
19%
Wisdom of Sea and Sky Trainer Supporter ◆◆/★★ Silver
19%
Mythical Island Fighting Basic ◆◆ Stonjourner
19%
Extradimensional Crisis Trainer Item ◆◆ Beast Wall
15%
Celestial Guardians Trainer Item ◆◆ Big Malasada
15%
Mythical Island Trainer Supporter ◆◆/★★ Budding Expeditioner
15%
Celestial Guardians Fighting Stage 2 ◆◆◆ Conkledurr
15%
Wisdom of Sea and Sky Trainer Item ◆◆ Elemntal Switch
15%
Shining Revelry Metal Stage 1 ◆◆◆/★ Gholdengo
15%
Shining Revelry Psychic Basic Gimmighoul
15%
Promo-A Trainer Item Promo Hand Scope
15%
Wisdom of Sea and Sky Trainer Supporter ◆◆/★★ Jasmine
15%
Eevee Grove Trainer Item ◆◆ Leftovers
15%
Wisdom of Sea and Sky Trainer Supporter ◆◆/★★ Lyra
15%
Secluded Springs Trainer Supporter ◆◆/★★ Morty
15%
Secluded Springs Trainer Supporter ◆◆/★★ Whitney
15%
Wisdom of Sea and Sky Trainer Supporter ◆◆/★★ Will
15%
Shining Revelry Colorless Basic ◆◆ Cyclizar
12%
Promo-A Colorless Basic Promo Cyclizar
12%
Wisdom of Sea and Sky Trainer Pokémon Tool ◆◆ Dark Pendant
12%
Extradimensional Crisis Trainer Pokémon Tool ◆◆ Electrical Cord
12%
Mythical Island Trainer Item ◆◆ Mythical Slab
12%
Mythical Island Trainer Item ◆◆ Pokémon Flute
12%
Wisdom of Sea and Sky Trainer Item ◆◆ Squirt Bottle
12%
Secluded Springs Trainer Supporter ◆◆/★★ Travelling Merchant
12%
Promo-A Trainer Item Promo X Speed
12%
Extradimensional Crisis Trainer Pokémon Tool ◆◆ Beastite
8%
Wisdom of Sea and Sky Trainer Pokémon Tool ◆◆ Rescue Scarf
8%
Wisdom of Sea and Sky Trainer Pokémon Tool ◆◆ Steel Apron
8%
Wisdom of Sea and Sky Grass Stage 1 🟎🟎 Yanmega ex
8%
Promo-A Water Stage 1 Promo Alolan Ninetales
4%
Extradimensional Crisis Darkness Stage 1 Korkorok
4%
Wisdom of Sea and Sky Darkness Basic 🟎 Nidoran♀
4%
Wisdom of Sea and Sky Darkness Basic 🟎 Nidoran♂
4%
No matching quizzes found
Score Distribution
Percent of People with Each Score
Percentile by Number Answered
Your Score History
You have not taken this quiz since the last reset